[Event "British Universities-ch"]
[Site "Chess.com INT"]
[Date "2022.03.05"]
[Round "9.4"]
[White "Smith, Luke"]
[Black "Ye, Oliver"]
[Result "1-0"]
[WhiteElo "1577"]
[BlackElo "1684"]
[PlyCount "135"]
[EventDate "2022.03.05"]
[EventType "swiss"]
[EventRounds "9"]
[EventCountry "ENG"]
[SourceTitle "EXT 2023"]
[Source "ChessBase"]
[SourceDate "2022.10.05"]
[SourceVersion "1"]
[SourceVersionDate "2022.10.05"]
[SourceQuality "1"]
[WhiteTeam "Swansea II"]
[BlackTeam "Exeter II"]
[WhiteTeamCountry "WLS"]
[BlackTeamCountry "ENG"]

1. e4 c6 2. d4 d5 3. e5 c5 4. c3 Nc6 5. Bb5 Qb6 6. Bxc6+ bxc6 7. Nf3 Bg4 8. 0-0 e6 9. Qd3 Bxf3 10. Qxf3 cxd4 11. cxd4 Ne7 12. Rd1 Nf5 13. Qg4 c5 14. dxc5 Qxc5 15. Qa4+ Kd8 16. Bd2 a5 17. Nc3 Qb4 18. Qxb4 Bxb4 19. Ne2 Ne7 20. Bxb4 axb4 21. Rd4 Nc6 22. Rg4 Rg8 23. f4 Ke7 24. Rg3 Na5 25. a3 b3 26. Nd4 Rab8 27. Rc1 Nc4 28. Rb1 Rb6 29. Kf2 Nd2 30. Re1 Ne4+ 31. Rxe4 dxe4 32. Ke3 f5 33. Kd2 g6 34. Nxb3 Rd8+ 35. Kc2 Rc6+ 36. Kb1 Rd1+ 37. Ka2 Rd3 38. Rxd3 exd3 39. Kb1 h6 40. Nd4 Rc8 41. Nf3 Rc2 42. b4 d2 43. Kxc2 Kd7 44. Nxd2 Kc6 45. Kc3 Kb5 46. Kb3 g5 47. g3 g4 48. a4+ Kb6 49. Kc4 Kc6 50. b5+ Kb6 51. Kb4 Kb7 52. Kc5 h5 53. a5 Ka7 54. b6+ Kb7 55. a6+ Kxa6 56. Kc6 Ka5 57. Kc7 Ka6 58. b7 Kb5 59. b8Q+ Kc5 60. Qd8 Kb4 61. Qd6+ Kc3 62. Qxe6 Kxd2 63. Qxf5 Ke3 64. Qxh5 Kf3 65. e6 Kf2 66. Qxg4 Kg2 67. h3 Kf2 68. e7 1-0